000 00822nam a22002177a 4500
999 _c59313
_d59313
005 20230117105200.0
008 230117s2017ge xxu||||| |||| 00| 0 ger d
020 _a9783126050197 X
041 _ager
080 _a811.112.1 A-87
245 _a Aspekte neu Mittelstufe Deutsch ;
_bLehr- und Arbeitsbuch : Teil 2 B1 plus /
_cUte Koithan, Helen Schmitz, Tanja Sieber, Ralf Sonntag,
264 _aStuttgart ;
_bErnst klett sprachen,
_c2017.
300 _a191 p.:
_b Illust;
_c29 cm.
_e+1 CD
653 _aAspekte neu Mittelstufe Deutsch Lehr- und Arbeitsbuch : Teil 2 B1 plus
653 _aასპექტები გერმანული ენა
700 _aKoithan, Ute
_916703
700 _aSchmitz, Helen
_916704
700 _aSieber, Tanja
_916705
700 _aSonntag, Ralf
_910081
942 _2udc
_cBK